000 00892pam a2200265 a 4500
999 _c7565
_d7565
001 3416147
003 OSt
005 20190213121051.0
008 900410s1990 miu b 000 0 eng
010 _a 90035506
020 _a0892836709 :
_c$8.95 (est.)
040 _aDLC
_cDLC
_dDLC
050 0 0 _aBV215
_b.S445 1990
082 0 0 _a248.3
_220
_bS553H
100 1 _aSherrer, Quin.
245 1 0 _aHow to pray for your family and friends /
_cby Quin Sherrer with Ruthanne Garlock.
260 _aAnn Arbor, Mich. :
_bVine Books/Servant Publications,
_cc1990.
300 _a183 p. ;
_c21 cm.
504 _aIncludes bibliographical references (p. 183).
650 0 _aPrayer.
700 1 _aGarlock, Ruthanne.
906 _a7
_bcbc
_corignew
_d1
_eocip
_f19
_gy-gencatlg
942 _2ddc
_cBK